01407naa#a2200265#i#4500001001500000005001700015011001400032100004100046101000800087102000700095200020800102210011400310215001000424608004500434675012700479686011100606700005200717700005400769700006600823700006600889700005800955700006201013700005201075856001401127RU\\bibl\2222220260511030028.1##a2073-0462##a20180806b2018####ek#y0rusy0150####ca0#aRUS##aRU1#aИССЛЕДОВАНИЕ ВЛИЯНИЯ НАТЯЖЕНИЯ ПРЕССУЮЩИХ РЕМНЕЙ ЗАДНЕГО КОНТУРА ПРЕСС – ПОДБОРЩИКА ПР-1,5eЖурнальная статья1#aКазаньcКазанский государственный аграрный университетd2018##a0 с.##aЖурнальная статья2local##aСельское хозяйство. Лесное хозяйство. Охота. Рыбное хозяйство. 63zRUS##aМеханизация и электрификация сельского хозяйства. 68.852grnti#1aБеловgВалерий Васильевич#1aРыбаковgЛеонид Максимович#1aОвчуковаgСветлана Александровна#1aЮнусовgГубейдулла Сибятуллович #1aКирилловgНиколай Кириллович#1aТерентьевgАлексей Григорьевич#1aЗайцевgПетр Владимирович4#azh-szf.ru